Evaluating client retention strategies of health and fitness enterprises in selected areas of Cavite / (Record no. 5087)
[ view plain ]
| 000 -LEADER | |
|---|---|
| fixed length control field | 01427nam a22003257a 4500 |
| 003 - CONTROL NUMBER IDENTIFIER | |
| control field | OSt |
| 005 - DATE AND TIME OF LATEST TRANSACTION | |
| control field | 20260406040625.0 |
| 008 - FIXED-LENGTH DATA ELEMENTS--GENERAL INFORMATION | |
| fixed length control field | 260331b |||||||| |||| 00| 0 eng d |
| 040 ## - CATALOGING SOURCE | |
| Original cataloging agency | CvSU-CCAT Campus Library. |
| Language of cataloging | English. |
| Transcribing agency | CvSU-CCAT Campus Library. |
| Description conventions | rda. |
| 050 ## - LIBRARY OF CONGRESS CALL NUMBER | |
| Classification number | UM HF 5415 |
| Item number | D67 2023 |
| 100 ## - MAIN ENTRY--PERSONAL NAME | |
| Personal name | Doria, Jonathan T., author. |
| 9 (RLIN) | 20078 |
| 245 ## - TITLE STATEMENT | |
| Title | Evaluating client retention strategies of health and fitness enterprises in selected areas of Cavite / |
| Statement of responsibility, etc. | Jonathan T. Doria, Riv Ailen F. Pangilinan, Mhea S. Villatura. |
| 260 ## - PUBLICATION, DISTRIBUTION, ETC. | |
| Place of publication, distribution, etc. | Rosario, Cavite : |
| Name of publisher, distributor, etc. | Cavite State University-CCAT Campus, |
| Date of publication, distribution, etc. | 2023. |
| 300 ## - PHYSICAL DESCRIPTION | |
| Extent | ii, 74 leaves : |
| Other physical details | illustrations ; |
| Dimensions | 28 cm |
| 500 ## - GENERAL NOTE | |
| General note | Undergraduate Thesis (BSBA) -- Cavite State University-CCAT Campus, 2023. |
| 504 ## - BIBLIOGRAPHY, ETC. NOTE | |
| Bibliography, etc. note | Includes bibliographical references. |
| 546 ## - LANGUAGE NOTE | |
| Language note | In English text. |
| 650 ## - SUBJECT ADDED ENTRY--TOPICAL TERM | |
| Topical term or geographic name entry element | Customer retention |
| 9 (RLIN) | 20079 |
| 650 ## - SUBJECT ADDED ENTRY--TOPICAL TERM | |
| Topical term or geographic name entry element | Customer relations |
| 9 (RLIN) | 10131 |
| 650 ## - SUBJECT ADDED ENTRY--TOPICAL TERM | |
| Topical term or geographic name entry element | Health clubs -- Management |
| 9 (RLIN) | 20080 |
| 650 ## - SUBJECT ADDED ENTRY--TOPICAL TERM | |
| Topical term or geographic name entry element | Fitness centers -- Marketing |
| 9 (RLIN) | 20081 |
| 650 ## - SUBJECT ADDED ENTRY--TOPICAL TERM | |
| Topical term or geographic name entry element | Cavite (Philippines) -- Commerce |
| 9 (RLIN) | 18868 |
| 650 ## - SUBJECT ADDED ENTRY--TOPICAL TERM | |
| Topical term or geographic name entry element | Service Marketing |
| 9 (RLIN) | 20082 |
| 700 ## - ADDED ENTRY--PERSONAL NAME | |
| Personal name | Pangilinan, Riv Alein F., author. |
| 9 (RLIN) | 20084 |
| 700 ## - ADDED ENTRY--PERSONAL NAME | |
| Personal name | Villatura, Mhea S., author. |
| 9 (RLIN) | 20084 |
| 700 ## - ADDED ENTRY--PERSONAL NAME | |
| Personal name | Perez, Richard P., adviser. |
| 9 (RLIN) | 6637 |
| 700 ## - ADDED ENTRY--PERSONAL NAME | |
| Personal name | Abug, Nerisa B., technical critic. |
| 9 (RLIN) | 9248 |
| 942 ## - ADDED ENTRY ELEMENTS (KOHA) | |
| Source of classification or shelving scheme | Library of Congress Classification |
| Koha item type | Thesis/Manuscripts/Dissertations |
| Classification part | HF 5415 D67 2023 |
| Call number prefix | UM |
| Withdrawn status | Lost status | Source of classification or shelving scheme | Damaged status | Not for loan | Collection code | Home library | Current library | Shelving location | Date acquired | Coded location qualifier | Total Checkouts | Full call number | Barcode | Date last seen | Copy number | Price effective from | Koha item type |
|---|---|---|---|---|---|---|---|---|---|---|---|---|---|---|---|---|---|
| Library of Congress Classification | Thesis/Manuscript/Dissertation | Cavite State University - CCAT Campus | Cavite State University - CCAT Campus | TH | 01/20/2026 | UM | UM HF 5415 D67 2023 | T0005597 | 03/31/2026 | 1 | 03/31/2026 | Thesis/Manuscripts/Dissertations |
